The day we walked on the moon : (Record no. 5849)

MARC details
000 -LEADER
fixed length control field 00960nam a22002537a 4500
001 - CONTROL NUMBER
control field 5849
003 - CONTROL NUMBER IDENTIFIER
control field FISKH
005 - DATE AND TIME OF LATEST TRANSACTION
control field 20250124144811.0
008 - FIXED-LENGTH DATA ELEMENTS--GENERAL INFORMATION
fixed length control field 250124b cb ||||| |||| 00| 0 eng d
020 ## - INTERNATIONAL STANDARD BOOK NUMBER
International Standard Book Number 9780590427609
040 ## - CATALOGING SOURCE
Original cataloging agency FISKH
Language of cataloging eng
Transcribing agency FISKH
Modifying agency FISKH
050 ## - LIBRARY OF CONGRESS CALL NUMBER
Classification number TL793.S925
082 ## - DEWEY DECIMAL CLASSIFICATION NUMBER
Classification number 629.45
100 ## - MAIN ENTRY--PERSONAL NAME
Personal name Sullivan, George
245 ## - TITLE STATEMENT
Title The day we walked on the moon :
Remainder of title A photo history of space explorations /
Statement of responsibility, etc. by George Sullivan
250 ## - EDITION STATEMENT
Edition statement First Scholastic printing, January 1990
260 ## - PUBLICATION, DISTRIBUTION, ETC.
Place of publication, distribution, etc. New York :
Name of publisher, distributor, etc. Scholastic ,
Date of publication, distribution, etc. 1990.
300 ## - PHYSICAL DESCRIPTION
Extent 72 pages :
Other physical details color illustrations, maps ;
Dimensions 26 cm .
520 ## - SUMMARY, ETC.
Summary, etc. Traces the technological developments which have made it possible to explore outer space and walk on the moon. Also discusses the training of astronauts and the future of space exploration.
650 ## - SUBJECT ADDED ENTRY--TOPICAL TERM
Topical term or geographic name entry element space exploration
Form subdivision non-fiction
700 ## - ADDED ENTRY--PERSONAL NAME
Personal name Morrissey, Georgia
Relator term book designer
942 ## - ADDED ENTRY ELEMENTS (KOHA)
Source of classification or shelving scheme Dewey Decimal Classification
Koha item type Books
Suppress in OPAC No
Holdings
Withdrawn status Lost status Source of classification or shelving scheme Damaged status Not for loan Collection Home library Current library Shelving location Date acquired Total Checkouts Full call number Barcode Date last seen Price effective from Koha item type
    Dewey Decimal Classification     Non-Fiction Footprints International School Library Network Toul Kork Campus Footprints International School Library Network Toul Kork Campus TTP Secondary Non-Fiction Bookshelves 01/24/2025   SUL 629.45 TL793.S925 FIS01231 01/24/2025 01/24/2025 Books